00610cam a22002171 4500001001300000003000400013005001700017008004100034010001700075035002000092040001900112042001200131050001600143110006200159245005900221260001900280300001800299651004100317700001700358999001700375ne 63001171 DLC20260227111746.0820513q19601963xx 000 0 eng  ane 63001171  a(OCoLC)16762031 aDLCcOrPSdDLC apremarc00aHC498b.A542 aLeague of Arab States.bal-Idārah al-Iqtiṣādīyah.14aThe economic activities of the League of Arab States;  a[n. p.,c196-] a21 l.c29 cm. 0aArab countriesxEconomic conditions.1 aZaher, Aref. c45969d45969